Statistics for Countries Bigger than 1 Million Square Km

Click here to take the quiz!

General Stats

  • This quiz has been taken 140 times
  • The average score is 25 of 29

Answer Stats

Area (km2)Country% Correct
17.098.246Russia
98%
9.984.670Canada
96%
9.826.675United States of America
95%
7.692.024Australia
94%
8.515.767Brazil
94%
9.596.961China
94%
2.780.400Argentina
91%
3.287.263India
91%
1.964.375Mexico
89%
2.381.741Algeria
88%
1.886.068Sudan
88%
2.149.690Saudi Arabia
87%
1.221.037South Africa
87%
1.904.569Indonesia
86%
1.564.110Mongolia
86%
1.002.450Egypt
85%
2.724.900Kazakhstan
85%
2.344.858Democratic Republic of the Congo
83%
1.648.195Iran
83%
1.267.000Niger
83%
1.759.540Libya
81%
1.284.000Chad
80%
1.141.748Colombia
78%
1.104.300Ethiopia
75%
1.285.216Peru
75%
1.240.192Mali
73%
1.098.581Bolivia
71%
1.246.700Angola
68%
1.030.700Mauritania
68%

Score Distribution

Percentile by Number Answered

Percent of People with Each Score

Your Score History

You have not taken this quiz